| 000 | 00629cam a22002053a 4500 | ||
|---|---|---|---|
| 001 | 40967 | ||
| 003 | PGUSA | ||
| 005 | 20140828083924.0 | ||
| 008 | 121007s2012||||xxu|||||s|||||000 | eng d | ||
| 040 |
_aPGUSA _beng |
||
| 042 | _adc | ||
| 100 | 1 | _aChandler, Walter M. | |
| 245 | 1 | 4 |
_aThe Trial of Jesus from a Lawyer's Standpoint, Vol. II (of II) : _bThe Roman Trial _h[electronic resource] / _cWalter M. Chandler |
| 260 |
_bProject Gutenberg, _c2012 |
||
| 506 | _aPublic domain in the USA. | ||
| 516 | _aElectronic text | ||
| 830 | 0 |
_aProject Gutenberg _v40967 |
|
| 856 | 4 | 0 | _uhttp://www.gutenberg.org/ebooks/40967 |
| 942 | _cEB | ||
| 999 |
_c270219 _d270219 |
||